Working with Zia : Pakistan's power politics, 1977-1988 (Record no. 63145)
[ view plain ]
| 000 -LEADER | |
|---|---|
| fixed length control field | 00594nam a22001937a 4500 |
| 003 - CONTROL NUMBER IDENTIFIER | |
| control field | NUST - PNEC |
| 005 - DATE AND TIME OF LATEST TRANSACTION | |
| control field | 20170116180805.0 |
| 008 - FIXED-LENGTH DATA ELEMENTS--GENERAL INFORMATION | |
| fixed length control field | 150421b xxu||||| |||| 00| 0 eng d |
| 020 ## - INTERNATIONAL STANDARD BOOK NUMBER | |
| International Standard Book Number | 0195775708 |
| 040 ## - CATALOGING SOURCE | |
| Transcribing agency | LIBRARY |
| 082 ## - DEWEY DECIMAL CLASSIFICATION NUMBER | |
| Classification number | 954.9105 ARI |
| 100 ## - MAIN ENTRY--PERSONAL NAME | |
| 9 (RLIN) | 2888 |
| Personal name | Arif, K. M. (Khalid Mahmud), |
| 245 ## - TITLE STATEMENT | |
| Title | Working with Zia : Pakistan's power politics, 1977-1988 |
| Statement of responsibility, etc. | Khalid Mahmud Arif |
| 250 ## - EDITION STATEMENT | |
| Edition statement | - |
| 260 ## - PUBLICATION, DISTRIBUTION, ETC. | |
| Place of publication, distribution, etc. | Pakistan : |
| Name of publisher, distributor, etc. | Karachi, |
| Date of publication, distribution, etc. | c 1995 |
| 300 ## - PHYSICAL DESCRIPTION | |
| Extent | 435 p . : |
| 650 ## - SUBJECT ADDED ENTRY--TOPICAL TERM | |
| 9 (RLIN) | 2890 |
| Topical term or geographic name entry element | Working with Zia : Pakistan's power politics, 1977-1988 |
| General subdivision | Political science |
| 942 ## - ADDED ENTRY ELEMENTS (KOHA) | |
| Source of classification or shelving scheme | |
| Koha item type | Book |
| Withdrawn status | Lost status | Source of classification or shelving scheme | Damaged status | Not for loan | Permanent Location | Current Location | Shelving location | Date acquired | Source of acquisition | Cost, normal purchase price | Total Checkouts | Full call number | Barcode | Date last seen | Cost, replacement price | Price effective from | Koha item type |
|---|---|---|---|---|---|---|---|---|---|---|---|---|---|---|---|---|---|
| Pakistan Navy Engineering College (PNEC) | Pakistan Navy Engineering College (PNEC) | 10/20/1995 | Kashif Book Stall | 550.00 | 954.9105 ARI | PNECLIB-018168 | 04/21/2015 | 550.00 | 10/20/1995 | Book |
